Statistics for 35 Famous People from Greece

Click here to take the quiz!

General Stats

  • This quiz has been taken 113 times
    (62 since last reset)
  • The average score is 14 of 35

Answer Stats

HintAnswer% Correct
Philosopher who contributed the theory of Forms known by pure reasonPlato
94%
Philosopher from Athens who is credited as one of the founders of Western philosophySocrates
82%
Legendary author of The Iliad and The OdesseyHomer
80%
King of the ancient Greek kingdom of Macedon, who created one of the largest empires of the ancient worldAlexander the Great
78%
Shipping magnate who was married to Jacqueline KennedyAristotle Onassis
78%
Philosopher who discovered the theorem of relations among the three sides of a right trianglePythagoras
76%
Philosopher who defined the first principle as “the first basis from which a thing is known”Aristotle
73%
Painter, sculptor and architect of the Spanish RenaissanceEl Greco
65%
King of Sparta who led the allied Greek forces to the Battle of Thermopylae.Leonidas
57%
Opera singer known for her passionate love affair with famous shipping magnateMaria Callas
57%
Legendary fabulist who was the reputed creator of numerous short tales about animals, all illustrating human virtues and failingsAesop
55%
Mathematician whose achievements is deriving an accurate approximation of number piArchimedes
53%
Physician of the Classical Greece and an outstanding figure in the history of medicineHippocrates
45%
Politician and general during the Golden Age of AthensPericles
45%
Thracian gladiator who was one of the escaped slave leaders in the Third Servile WarSpartacus
45%
Ancient Greek tragedian and author of Antigone, Ajax and Oedipus RexSophocles
43%
Basketball player and two-time Most Valuable Player in the NBAGiannis Antetokounmpo
39%
Highest-ranked Greek tennis player in historyStefanos Tsitsipas
39%
Composer of music for movies Chariots of Fire and 1492: Conquest of ParadiseVangelis
25%
Oscar nominated actress and the first female Minister of Culture and SportsMelina Mercouri
22%
Singer who came to fame with her song ‘’The White Rose of Athens” in 1969Nana Mouskouri
22%
Female tennis player who has been ranked as high as world No. 3 in 2022 by WTAMaria Sakkari
20%
Songwriter who composed the song for the film Zorba the GreekMikis Theodorakis
20%
Greek-French film director who won an Oscar for the movie ZCosta Gavras
18%
Singer who had international hit records as a solo performer in the 1970sDemis Roussos
18%
Singer whose single "Shake It" is the all-time bestselling single in GreeceSakis Rouvas
16%
Prime minister of Greece from 1981 to 1989 and from 1993 to 1996Andreas Papandreou
14%
Greek historian, widely referred to as “The Father of History”Herodotos
14%
Actress known for her parts in the ancient Greek comedies and tragediesIrene Papas
14%
Author whose famous works are Zorba the Greek and Christ RecrucifiedNikos Kazantzakis
14%
Basketball player, widely regarded as one of Europe's greatest scorersNikos Galis
10%
Captain of national football team who won UEFA EURO 2004Theodoros Zagorakis
10%
Shipping tycoon, who had the world’s biggest super tankers built for his fleetStavros Niarchos
8%
Only person to win the EuroBasket, both as a player (1987), and as a coach (2005)Panagiotis Giannakis
6%
Bouzouki player and one of the founders of modern Rebetiko and Laiko musicVassilis Tsitsanis
4%

Score Distribution

Percentile by Number Answered

Percent of People with Each Score

Your Score History

You have not taken this quiz since the last reset